| 000 | 00442nam a2200097Ia 4500 | ||
|---|---|---|---|
| 008 | 180130s9999 xx 000 0 und d | ||
| 245 |
_cGupta, Anil Kumar; Nair, Sreeja S. _aApplying environmental impact assessments and strategic environmental assessments in disaster management |
||
| 260 | _c2013 | ||
| 300 | _aBook title: The role of ecosystems in disaster risk reduction--Acession number C17927; pages 416-436 | ||
| 650 | _aECOSYSTEM MANAGEMENT | ||
| 999 |
_c354561 _d354561 |
||